[Event "2nd Gujarat Open 2019"]
[Site "Ahmedabad, Gujarat"]
[Date "2019.09.25"]
[Round "5.5"]
[White "Bharat Kumar Reddy Poluri"]
[Black "Nguyen, Van Huy"]
[Result "1/2-1/2"]
[WhiteElo "2304"]
[BlackElo "2454"]
[Annotator "ChessBase"]
[PlyCount "55"]
[EventDate "2019.09.22"]
[EventCountry "IND"]
[SourceTitle "playchess.com"]
[Source "ChessBase"]
[SourceQuality "1"]
[TimeControl "5400+30"]

1. e4 {[%emt 0:02:16]} c6 {[%emt 0:00:13]} 2. d4 {[%emt 0:00:36]} d5 {[%emt 0:00:14]} 3. e5 {[%emt 0:00:05]} Bf5 {[%emt 0:00:22]} 4. Nf3 {[%emt 0:00:04]} e6 {[%emt 0:00:09]} 5. Be2 {[%emt 0:00:11]} Bb4+ {[%emt 0:00:50]} 6. Bd2 {[%emt 0:02:41]} Bxd2+ {[%emt 0:02:34]} 7. Nbxd2 {[%emt 0:00:15]} h6 {[%emt 0:03:28]} 8. O-O {[%emt 0:00:23]} Ne7 {[%emt 0:00:10]} 9. a4 {[%emt 0:01:00]} a5 {[%emt 0:03:38]} 10. Nb3 {[%emt 0:02:23]} O-O {[%emt 0:02:13]} 11. Re1 {[%emt 0:00:47]} Nd7 {[%emt 0:02:23]} 12. Qd2 {[%emt 0:07:25]} Qb6 {[%emt 0:04:31]} 13. h3 {[%emt 0:00:09]} Qb4 {[%emt 0:04:54]} 14. Qc1 {[%emt 0:03:32]} Rfc8 {[%emt 0:08:14]} 15. Ra3 {[%emt 0:03:47]} Qb6 {[%emt 0:02:08]} 16. Qd2 {[%emt 0:00:38]} Qc7 {[%emt 0:07:08]} 17. Rc1 {[%emt 0:01:59]} b6 {[%emt 0:08:46]} 18. Qe1 {[%emt 0:08:42]} Qd8 {[%emt 0:02:42]} 19. Raa1 {[%emt 0:03:38]} Be4 {[%emt 0:03:39]} 20. Nfd2 {[%emt 0:02:07]} Bg6 {[%emt 0:01:39]} 21. c4 {[%emt 0:01:36]} Nb8 {[%emt 0:04:57]} 22. Nf1 {[%emt 0:08:21]} Na6 {[%emt 0:01:24]} 23. Ne3 {[%emt 0:04:14]} Nb4 {[%emt 0:00:48]} 24. c5 {[%emt 0:02:16]} Nf5 {[%emt 0:01:40]} 25. Nxf5 {[%emt 0:00:40]} Bxf5 {[%emt 0:00:05]} 26. Qd2 {[%emt 0:00:07]} Rcb8 {[%emt 0:01:26]} 27. cxb6 {[%emt 0:06:43]} Rxb6 {[%emt 0:00:48]} 28. Nc5 {[%emt 0:00:19]} 1/2-1/2

[Event "2nd Gujarat Open 2019"]
[Site "Ahmedabad, Gujarat"]
[Date "2019.09.25"]
[Round "5.6"]
[White "Karthikeyan, P.."]
[Black "Liyanage, Ranindu Dilshan"]
[Result "1/2-1/2"]
[WhiteElo "2408"]
[BlackElo "1956"]
[Annotator "TA"]
[PlyCount "49"]
[EventDate "2019.09.22"]
[EventCountry "IND"]
[SourceTitle "playchess.com"]
[Source "ChessBase"]
[SourceQuality "1"]

{[%evp 14,49,18,18,28,13,13,27,18,6,11,11,11,12,23,12,23,0,4,0,0,0,30,27,27,27,20,25,53,16,16,12,15,20,89,72,60,0]} 1. d4 Nf6 2. c4 e6 3. Nc3 d5 4. Bg5 Be7 5. e3 h6 6. Bh4 O-O 7. Nf3 Nbd7 8. Rc1 c5 {D63: Queen's Gambit Declined: Classical: 7 Rc1} 9. cxd5 Nxd5 10. Bxe7 Nxe7 {White has an edge.} 11. Bb5 (11. Be2 b6 12. O-O Bb7 13. dxc5 Nxc5 14. b4 Ne4 15. Nxe4 Bxe4 16. Ne5 {1-0 (73) Radjabov,T (2758)-Sjugirov,S (2662) Khanty-Mansiysk 2019}) 11... cxd4 12. Nxd4 a6 13. Be2 Nf6 14. O-O b5 {[#]} 15. Qb3 $146 ({Predecessor:} 15. Bf3 Ra7 16. Nb3 {1-0 (28) Vernay,C (2513)-Guex,P (2129) Geneve 2019}) 15... Qa5 16. Bf3 Rb8 17. Qc2 e5 18. Nb3 $1 $36 {[%cal Rb3a5][%mdl 2048] White has good play.} Qb6 19. Ne4 Bf5 20. Nbc5 a5 21. Qc3 Nxe4 22. Bxe4 Bxe4 23. Nxe4 Qe6 (23... Nd5 $11 24. Qxe5 Nxe3 25. Nf6+ (25. fxe3 Qxe3+ 26. Kh1 Rbe8 $14) 25... Qxf6 26. Qxf6 gxf6 27. fxe3 {[%mdl 64] Discovered Attack} Rfd8) 24. Nc5 Qxa2 25. Ra1 {Accuracy: White = 60%, Black = 41%.} (25. Nd7 $1 $14 Rfc8 26. Qxe5 {[%mdl 64] Double Attack}) 1/2-1/2

[Event "2nd Gujarat Open 2019"]
[Site "Ahmedabad, Gujarat"]
[Date "2019.09.25"]
[Round "5.7"]
[White "Neelash Saha"]
[Black "Eraschenkov, Denis"]
[Result "0-1"]
[WhiteElo "2334"]
[BlackElo "2390"]
[Annotator "TA"]
[PlyCount "118"]
[EventDate "2019.09.22"]
[EventCountry "IND"]
[SourceTitle "playchess.com"]
[Source "ChessBase"]
[SourceQuality "1"]

{[%evp 21,118,34,29,35,21,29,35,22,35,-33,-44,-45,-40,-39,-34,-27,-39,-31,0,0,0,0,0,-65,-61,-141,-96,-138,-131,-132,-133,-143,-135,-119,-116,-86,-78,-90,-42,-58,-59,-66,-54,-65,0,-89,-96,-97,-31,-27,-31,-39,-22,-19,-24,-19,-16,-19,-20,-84,-80,-94,-113,-122,-102,-112,-118,-129,-86,-123,-101,-383,-377,-471,-348,-516,-508,-466,-79,-114,-100,-281,0,-304,-299,-29955,-29957,-29957,-29958,-29959,-29960,-29943,-12847,-29966,-29968,-29962,-29962,-10023,-6406]} 1. d4 Nf6 2. c4 g6 3. g3 Bg7 4. Bg2 O-O 5. Nc3 d6 6. Nf3 c5 7. d5 e6 8. O-O exd5 9. cxd5 Re8 10. Bf4 a6 11. a4 Nh5 12. Bg5 {A62: Modern Benoni: Fianchetto Variation without early ...Nbd7} Qc7 13. Qd2 Nd7 14. Rfc1 {White is slightly better.} Rb8 (14... b6 15. Rab1 Ndf6 16. Nh4 Ng4 17. h3 Ne5 18. b3 f6 19. Be3 f5 {0-1 (45) Jumabayev,R (2611)-Zhigalko,S (2671) Doha 2016}) 15. g4 ({Better is} 15. Bh6 $14) 15... Nhf6 $15 16. Qf4 h5 17. h3 hxg4 18. hxg4 Nh7 19. Bh6 Ndf6 20. Bxg7 Kxg7 21. g5 $146 Nh5 22. Qc4 (22. Qh4 $11) 22... Qe7 23. b4 (23. Qh4 $15) 23... b6 24. Qh4 cxb4 25. Qxb4 Nxg5 26. Nxg5 Qxg5 27. Ne4 Rxe4 $1 28. Qxe4 Bh3 {And now ...Nf4 would win.} 29. Kf1 Bxg2+ 30. Qxg2 Qe5 31. Qf3 Nf6 {[%mdl 1024] Black has compensation.} 32. Kg2 $1 Re8 ({Black should play} 32... Qg5+ $15 33. Kf1 Qe5) 33. e3 (33. Rh1 $11) 33... Qg5+ $1 $17 34. Kf1 Re5 (34... Re4 $17) 35. Rc4 $1 $15 Nxd5 {White must now prevent ...Rf5.} 36. Rg4 Qe7 37. Kg2 Nf6 38. Rh4 Rg5+ 39. Kh1 Rf5 $36 {[%mdl 2048] Black fights for an advantage.} 40. Qg2 (40. Qa8 $11 {keeps the balance.} Ng8 41. Rh2) 40... d5 $17 41. Qh2 {[#]} d4 $1 {[%mdl 512]} 42. e4 ({Wrong is} 42. Rxd4 $2 Ne4 $19) (42. exd4 Qe2) 42... Rh5 {Strongly threatening ...Ng4!} 43. Rxh5 Nxh5 {[%mdl 4096] Endgame KQR-KQN} ({Of course not} 43... Qxe4+ 44. Qg2 $14) 44. f3 Qf6 45. Qf2 Nf4 46. Rd1 $2 {[%mdl 8192]} (46. Rb1 $17 {was worth a try.}) 46... d3 $19 47. Rd2 b5 48. axb5 (48. Qe3 {is the only way for White.}) 48... axb5 49. Qe3 b4 $2 (49... Qa1+ $19 50. Qg1 Qc3) 50. e5 $17 {[#]} Qf5 $1 {[%cal Rf5h3] ...Qh3+ is the strong threat.} 51. Rh2 $2 (51. Kg1 $17) 51... Nh5 $2 (51... b3 $19 {Hoping for ...g5.} 52. e6 Nxe6) 52. Rh4 $2 {[%mdl 8192] [#]} (52. Rd2 $11 {and White is okay.}) 52... b3 $1 $19 {aiming for ...d2!} 53. Kh2 $2 (53. Rh2 $19) 53... b2 54. Rb4 {[#]} d2 $1 {[%mdl 576] Promotion} 55. Qxd2 b1=Q 56. Rxb1 Qxb1 57. e6 Qb8+ 58. Kh1 fxe6 59. Qd7+ Kf6 {Accuracy: White = 39%, Black = 72%.} 0-1

[Event "2nd Gujarat Open 2019"]
[Site "Ahmedabad, Gujarat"]
[Date "2019.09.25"]
[Round "5.8"]
[White "Deepan Chakkravarthy J."]
[Black "Abu Sufian, Shakil"]
[Result "1-0"]
[WhiteElo "2539"]
[BlackElo "2255"]
[Annotator "ChessBase"]
[PlyCount "51"]
[EventDate "2019.09.22"]
[EventCountry "IND"]
[SourceTitle "playchess.com"]
[Source "ChessBase"]
[SourceQuality "1"]
[TimeControl "5400+30"]

1. d4 {[%emt 0:10:30]} d5 {[%emt 0:00:00]} 2. c4 {[%emt 0:00:04]} c6 {[%emt 0:00:00]} 3. Nf3 {[%emt 0:00:04]} Nf6 {[%emt 0:00:00]} 4. Nc3 {[%emt 0:00:16]} dxc4 {[%emt 0:00:00]} 5. a4 {[%emt 0:00:18]} Bf5 {[%emt 0:00:00]} 6. e3 {[%emt 0:00:41]} e6 {[%emt 0:00:17]} 7. Bxc4 {[%emt 0:00:06]} Bb4 {[%emt 0:00:03]} 8. O-O {[%emt 0:00:19]} O-O {[%emt 0:00:06]} 9. Qe2 {[%emt 0:01:41]} Nbd7 {[%emt 0:00:19]} 10. e4 {[%emt 0:00:11]} Bg4 {[%emt 0:00:05]} 11. Rd1 {[%emt 0:00:20]} Qa5 {[%emt 0:00:08]} 12. h3 {[%emt 0:00:22]} Bxf3 {[%emt 0:00:24]} 13. Qxf3 {[%emt 0:01:31]} e5 {[%emt 0:00:07]} 14. d5 {[%emt 0:05:04]} Nb6 {[%emt 0:00:22]} 15. Bb3 {[%emt 0:08:03]} Bxc3 {[%emt 0:00:59]} 16. bxc3 {[%emt 0:03:00]} cxd5 {[%emt 0:00:09]} 17. Ba3 {[%emt 0:00:51]} dxe4 {[%emt 0:21:43]} 18. Qg3 {[%emt 0:04:19]} Rfd8 {[%emt 0:01:30]} 19. Bb4 {[%emt 0:10:31]} Qa6 {[%emt 0:00:57]} 20. Rxd8+ {[%emt 0:10:09]} Rxd8 {[%emt 0:00:03]} 21. Be7 {[%emt 0:01:21]} Rd3 {[%emt 0:03:24]} 22. Qxe5 {[%emt 0:00:06]} Nfd7 {[%emt 0:20:17]} 23. Qxe4 {[%emt 0:16:06]} Rxc3 {[%emt 0:05:19]} 24. Bb4 {[%emt 0:00:41]} Rc8 {[%emt 0:00:21]} 25. Qe7 {[%emt 0:00:06]} Rf8 {[%emt 0:06:06]} 26. Rd1 {[%emt 0:00:13]} 1-0

[Event "2nd Gujarat Open 2019"]
[Site "Ahmedabad, Gujarat"]
[Date "2019.09.25"]
[Round "5.9"]
[White "Rahman, Ziaur"]
[Black "Nayak Rajesh"]
[Result "1-0"]
[WhiteElo "2492"]
[BlackElo "2227"]
[Annotator "TA"]
[PlyCount "59"]
[EventDate "2019.09.22"]
[EventCountry "IND"]
[SourceTitle "playchess.com"]
[Source "ChessBase"]
[SourceQuality "1"]

{[%evp 9,88,-6,14,-8,6,0,0,0,-2,-26,-43,-21,59,60,75,81,76,54,63,39,46,46,83,83,94,85,88,81,143,107,153,149,139,158,143,154,143,164,234,241,290,276,529,526,517,517,522,517,522,500,720,556,526,555,510,506,706,706,706,705,697,691,691,677,658,647,1268,1222,29971,29970,29963,29957,6311,6105,29996,29997,29997,29998,29998,29999,29999]} 1. d4 Nf6 2. Bg5 e6 3. Nd2 h6 4. Bh4 d5 5. e3 c5 6. c3 {A45: Trompowsky Attack} Nc6 (6... Be7 7. Bd3 b6 8. Qe2 O-O 9. Bxf6 Bxf6 10. f4 a5 11. a4 Ba6 12. Bxa6 Nxa6 {1-0 (60) Kovalenko,I (2654)-Lupulescu,C (2649) Riga 2019}) 7. Bd3 e5 {[%cal Re5d4]} 8. dxe5 {The position is equal.} Nxe5 9. Ndf3 Nxd3+ 10. Qxd3 Be7 (10... g5 $11 11. Bg3 Ne4) 11. Bxf6 $1 $14 gxf6 12. Ne2 Be6 13. Nf4 $146 Qd7 $1 14. O-O O-O-O 15. Rfd1 h5 16. b4 h4 17. bxc5 Bxc5 18. Nd4 a6 ({Black should play} 18... h3) 19. Qe2 Bg4 20. f3 Be6 21. c4 Kb8 22. cxd5 Bxd5 23. Rac1 Ba3 {[#]} (23... b6 {was necessary.}) 24. Rc3 $1 $18 {[%cal Rc3a3]} Bb4 25. Nxd5 Qxd5 $2 {[#]} (25... Bxc3 {is a better defense.} 26. Nxc3 h3) 26. Nc6+ $1 {[%mdl 576] Discovered Attack} bxc6 27. Rxd5 Bxc3 28. Rd3 ({Weaker is} 28. Rc5 Rd2 $18) 28... Ba5 29. f4 f5 30. Rb3+ {Played: Rd3-a3} 1-0

[Event "2nd Gujarat Open 2019"]
[Site "Ahmedabad, Gujarat"]
[Date "2019.09.25"]
[Round "5.10"]
[White "Neelotpal, Das"]
[Black "Ziatdinov, Raset"]
[Result "1-0"]
[WhiteElo "2433"]
[BlackElo "2222"]
[Annotator "TA"]
[PlyCount "103"]
[EventDate "2019.09.22"]
[EventCountry "IND"]
[SourceTitle "playchess.com"]
[Source "ChessBase"]
[SourceQuality "1"]

{[%evp 21,103,15,53,45,43,41,58,56,61,57,63,56,43,43,64,35,48,44,107,24,55,7,13,14,12,15,58,31,41,44,65,51,78,0,81,-20,-38,-44,-26,-30,0,0,19,26,38,24,59,39,59,48,129,110,305,313,306,307,383,374,366,292,287,294,409,368,778,776,778,784,735,735,12836,12836,12837,12836,2267,0,271,266,210,214,12837,12836,29998,29999]} 1. e4 e5 2. Nf3 Nc6 3. Bc4 Nf6 4. d3 Be7 5. O-O O-O 6. Re1 d6 7. a4 Na5 8. Ba2 {C55: Two Knights: 4 d3, 4 d4 exd4 5 e5 and Max Lange Attack} c5 9. Na3 Be6 10. Bxe6 fxe6 11. c3 Qd7 {LiveBook: 3 Games} 12. Bd2 Bd8 13. b4 Nc6 14. Nc4 Bc7 {[#]} 15. bxc5 $146 ({Predecessor:} 15. b5 Na5 16. Nxa5 Bxa5 {1-0 (52) Safarli,E (2688)-Halkias,S (2565) Baku 2016}) 15... dxc5 16. Be3 b6 17. Qe2 Nh5 18. g3 Qf7 19. Kg2 Rad8 {[#]} (19... Qg6 $14) 20. Rad1 ({White should play} 20. a5 $1 $16) 20... h6 21. Bc1 Rd7 22. Rf1 Qe8 23. Ng1 g5 24. Nh3 Rg7 25. f3 Ne7 26. Qa2 Ng6 27. Ne3 (27. Nf2 $16) 27... Kh7 (27... Nhf4+ $11 28. gxf4 Nxf4+ 29. Nxf4 gxf4+ 30. Kh1 (30. Ng4 h5 $11) 30... fxe3) 28. d4 (28. Ng4 $16) 28... exd4 $11 29. cxd4 cxd4 30. Rxd4 Ne5 31. Qc2 Qg6 {Threatens to win with ...Rxf3!} (31... Qe7 $5 {[%cal Rh5f4]}) 32. Ng1 Rgf7 33. Nc4 Nc6 34. Rdd1 e5 35. Bb2 g4 (35... Qe6 $14) 36. Ne3 $16 Nd4 $2 (36... gxf3+ $16 37. Nxf3 Nb4) 37. Bxd4 $18 exd4 38. Nxg4 Nxg3 39. hxg3 h5 40. Rxd4 {[%cal Bd1d4,Bd4c4,Bc4c7][%mdl 32]} hxg4 41. f4 Rh8 42. Rc4 Kg8 $2 (42... Bd8 43. Rc6 Rf6) 43. Rd1 (43. Rxc7 Rxc7 44. Qxc7 Qxe4+ 45. Nf3 gxf3+ 46. Rxf3 Qe2+ 47. Rf2 Qe4+ 48. Rf3 Qe2+ 49. Rf2 Qe4+ 50. Rf3 $11) 43... Qh7 {[#]} 44. Rxc7 $1 {[%mdl 512]} Qh2+ (44... Rxc7 45. Rd8+) 45. Kf1 Rxf4+ 46. gxf4 Qxf4+ 47. Ke1 {Threatening mate with Rd8+.} Qe3+ 48. Kf1 $2 (48. Qe2 {[%cal Rd1d8]} Qxg1+ 49. Kd2) 48... Qf4+ 49. Qf2 {Intending Rd8+ and mate.} (49. Ke1 Qe3+ 50. Qe2 Qxg1+ 51. Kd2 Qd4+ 52. Kc2 Qxa4+ 53. Kb2 Qb4+ 54. Kc2 Qa4+ 55. Kb1 Qb3+ 56. Ka1 Qa3+ 57. Qa2+ Qxa2+ 58. Kxa2 Rh2+ 59. Kb3 Rh3+ 60. Kc4 b5+ 61. Kc5 Rc3+ 62. Kd6 Rf3) 49... Qxc7 50. Rd5 ({And not} 50. Qf5 Qc4+ 51. Ke1 Qc3+ 52. Kf2 (52. Kf1 Qc4+ 53. Kf2 Qc2+ 54. Ne2 Qxd1 $11) 52... Qc2+ 53. Ne2 (53. Ke1 Qc3+ 54. Kf2 Qc2+ 55. Ne2 Qxd1 $11) 53... Qxd1 $11) 50... Rh6 $2 (50... Qc4+ 51. Qe2 Qxe2+ 52. Kxe2 Kg7 53. Rd7+ Kf6) 51. Rg5+ {[%mdl 64] Double Attack} Kh8 52. Qf8+ {[%mdl 64] Double Attack. Accuracy: White = 63%, Black = 13%.} 1-0

[Event "2nd Gujarat Open 2019"]
[Site "Ahmedabad, Gujarat"]
[Date "2019.09.25"]
[Round "5.11"]
[White "Deshmukh, Anup"]
[Black "Himanshu, Sharma"]
[Result "0-1"]
[WhiteElo "2193"]
[BlackElo "2408"]
[Annotator "TA"]
[PlyCount "100"]
[EventDate "2019.09.22"]
[EventCountry "IND"]
[SourceTitle "playchess.com"]
[Source "ChessBase"]
[SourceQuality "1"]

{[%evp 19,148,-16,-19,-18,-10,-21,-28,-35,-31,-36,0,-39,-4,-13,0,-42,-35,-129,-39,-47,-45,-135,-133,-116,-129,-228,-132,-133,-92,-84,-54,-72,-68,-78,-65,-71,-23,-100,-32,-32,-32,-32,-19,-15,-15,-11,0,-15,-9,-20,-11,-70,-43,-78,-81,-68,-62,-81,-57,-204,0,-82,-68,-57,-42,-61,-77,-156,-161,-179,-50,-175,-181,-170,-159,-264,-264,-262,-259,-254,-209,-216,-87,-216,-200,-185,-80,-174,-20,-411,0,-67,-67,-67,-60,-78,-8,-18,-18,-28,0,-162,-148,-243,-248,-305,-169,-502,-487,-480,-480,-479,-456,-286,-79,-472,-358,-472,-472,-465,-465,-443,-432,-410,-410,-530,-493,-403,-389,-363,-356]} 1. e4 c5 2. Nf3 e6 3. d4 cxd4 4. Nxd4 Nf6 5. Bd3 Nc6 6. Nxc6 bxc6 7. O-O d5 8. exd5 cxd5 9. c4 Bd6 10. cxd5 Nxd5 11. Nd2 {B40: Sicilian: 2...e6, Unusual lines} O-O 12. Ne4 (12. Nf3 Bb7 13. Qe2 Nf4 14. Bxf4 Bxf4 15. Be4 Qb6 16. Bxb7 Qxb7 17. g3 Bd6 18. Rfd1 {0-1 (33) Stotyn,F (2187)-Kuipers,S (2480) Apeldoorn 2018}) 12... Be7 13. Qf3 $146 {Black has an edge.} ({Predecessor:} 13. Qe2 Rb8 14. Rd1 Qb6 15. Rb1 Bb7 16. Ng5 h6 17. Nf3 Rfd8 18. Ne5 Ba8 19. Bxh6 gxh6 20. Qh5 Rf8 21. Qxh6 f5 22. Qg6+ Kh8 23. Qh5+ Kg7 24. Qg6+ Kh8 {½-½ (24) Schwartz,A (2234)-Riemens,M (2287) Netherlands 2000}) 13... Bb7 14. Qg3 {With the idea Bh6!} Kh8 15. a3 Rc8 16. Bd2 Bh4 17. Qh3 f5 18. Rae1 (18. Nc3 $15) 18... h6 (18... g5 $17 {...g4 is the strong threat.} 19. g3 Nf6) 19. Nc3 $15 Bg5 20. f4 ({White should play} 20. Bxg5 $15 Qxg5 21. Nxd5 Bxd5 22. Qg3) 20... Qb6+ $17 21. Kh1 Bf6 $1 ({Much less strong is} 21... Qxb2 22. Nb1 $15) 22. Na4 (22. Rb1 $17 {keeps fighting.}) 22... Qc6 (22... Qb3 $19 23. Rxe6 Ne7) 23. b3 Qd7 24. Qg3 Nb6 25. Nxb6 axb6 26. Bb4 Rfd8 27. Bc4 Bd5 (27... Be4 {seems wilder.} 28. Qg6 b5 29. Be2 Bd5 30. Ba5 Rg8) 28. Qe3 (28. Rd1 $11 {keeps the balance.}) 28... b5 (28... Bxc4 $17 29. bxc4 Rc6) 29. Bxd5 $15 exd5 30. Qd3 d4 31. h3 Qd5 32. Kh2 Re8 33. Rxe8+ Rxe8 34. Rf3 Rb8 35. Qc2 (35. g4 $11) 35... Qe4 36. Qc7 Rb7 37. Qc8+ Kh7 38. Bd2 $1 Rb6 39. Qd7 (39. Qc5 $15 Rb7 40. Qc8) 39... Rb7 (39... Rc6 $1 $19 {Threatens to win with ...Rc2.} 40. Ba5 Rc1 41. Qxb5 Bh4) 40. Qc8 $17 Qd5 41. Bb4 Rd7 42. Rd3 Rd8 43. Qc2 (43. Qc5 $142) 43... Qe4 44. Qd2 Rd5 ({Better is} 44... Rc8 $19 45. Rf3 Rc2) 45. Ba5 ({White should try} 45. a4 $1 $15) 45... Rc5 $19 46. Bb4 Rc6 47. a4 (47. h4 $17 {is a better defense.}) 47... bxa4 48. bxa4 Rc4 $1 {[%cal Rc4b4] White must now prevent ...Rxb4!} 49. Rf3 Rc2 50. Qd3 Ra2 {Played: Rc2-b2} 0-1

[Event "2nd Gujarat Open 2019"]
[Site "Ahmedabad, Gujarat"]
[Date "2019.09.25"]
[Round "5.12"]
[White "Pranav, Shetty"]
[Black "Murshed, Niaz"]
[Result "0-1"]
[WhiteElo "2124"]
[BlackElo "2405"]
[Annotator "TA"]
[PlyCount "68"]
[EventDate "2019.09.22"]
[EventCountry "IND"]
[SourceTitle "playchess.com"]
[Source "ChessBase"]
[SourceQuality "1"]

{[%evp 17,70,18,41,22,41,-2,58,35,47,0,0,-42,-42,-38,-48,-35,0,0,81,72,75,79,252,151,148,12,15,15,46,53,114,16,26,17,50,52,73,66,78,0,0,0,0,0,0,0,306,-573,-569,-777,-768,-751,-712,-671,-672]} 1. e4 e6 2. d4 d5 3. Nc3 Bb4 4. e5 c5 5. Bd2 Ne7 6. Nb5 Bxd2+ 7. Qxd2 O-O 8. f4 cxd4 9. Nf3 Nbc6 10. Bd3 {[%mdl 1024] White has compensation. C17: French: 3 Nc3 Bb4 4 e5 c5 sidelines} f6 11. O-O (11. exf6 Rxf6 12. O-O-O Bd7 13. Rhe1 a6 14. Nbxd4 Nxd4 15. Nxd4 Nc6 16. Nf3 Qc7 17. g3 Rc8 {1-0 (39) Steinberg,N (2530)-Shachar,E (2391) Israel 2019}) 11... f5 (11... Qb6 $11) 12. h3 $146 {White is slightly better.} ({Predecessor:} 12. a3 Bd7 13. Qf2 a6 14. Nd6 Rb8 15. g4 g6 16. gxf5 Nxf5 17. Bxf5 gxf5 18. Kh1 Kh8 19. Rg1 Qe7 20. Ng5 Be8 21. Qh4 Bg6 22. Qh6 Rg8 23. Ndf7+ {1-0 (23) Kokol,P (2199)-Varini,M (2027) Nova Gorica 2007}) 12... Bd7 13. g4 Qb6 14. gxf5 Nxf5 15. Bxf5 {Strongly threatening Bd3.} Qxb5 16. Bd3 Qc5 17. Kh1 Kh8 (17... Nb4 $11 {remains equal.}) 18. Rg1 $1 $16 {aiming for Bxh7!} Qe7 19. Rg5 Nb4 $2 {[#]} (19... Rg8 $16 {keeps fighting.}) 20. Rag1 (20. Bxh7 $1 $18 {[%mdl 512] Threatens to win with Bg6.} Kxh7 21. Rag1) 20... Nxd3 21. cxd3 ({White has to play} 21. Rxg7 $16 Qxg7 22. Rxg7 Kxg7 23. cxd3) 21... g6 $11 22. Nxd4 Qc5 23. Qe3 Rf7 {[#]} (23... Qe7 $14) 24. Kh2 ({White should try} 24. h4 $1 $16) 24... Raf8 25. R5g4 Qb6 26. R1g2 Be8 27. h4 Re7 28. Qg1 (28. R4g3 $16) 28... h5 $36 {[%mdl 2048] Black has the initiative.} 29. Rxg6 Bxg6 30. Rxg6 {And now Kh3 would win.} Qxb2+ 31. Kh1 Rc8 $2 {[%mdl 8192]} (31... Qd2 $1 $11 {and Black is okay.} 32. Rh6+ {[%mdl 64] Double Attack} Rh7) 32. Nb3 $4 {[%mdl 8192]} (32. Nxe6 $18 {is the narrow road to win. Threatening mate with Rh6+.} Rh7 33. Rg7) 32... Qe2 $19 {Black is clearly winning.} 33. Nd4 Qxd3 {( -> ...Qh3+)} 34. Rg3 Qd2 {Played: Qd3-e4} 0-1

[Event "2nd Gujarat Open 2019"]
[Site "Ahmedabad, Gujarat"]
[Date "2019.09.25"]
[Round "5.13"]
[White "Hesham, Abdelrahman"]
[Black "Aradhya, Garg"]
[Result "1-0"]
[WhiteElo "2396"]
[BlackElo "2157"]
[Annotator "TA"]
[PlyCount "37"]
[EventDate "2019.09.22"]
[EventCountry "IND"]
[SourceTitle "playchess.com"]
[Source "ChessBase"]
[SourceQuality "1"]

{[%evp 21,89,0,0,-6,8,2,51,28,33,27,69,91,90,21,95,86,88,0,0,0,0,0,108,127,126,73,75,0,128,127,98,104,95,0,76,76,76,76,81,81,78,87,112,112,108,104,95,97,112,112,112,91,267,264,255,249,247,247,1285,1132,1579,1528,1375,1358,1024,410,29978,29979,29981,29981]} 1. d4 Nf6 2. c4 e6 3. Nf3 d5 4. e3 a6 5. Nc3 dxc4 6. Bxc4 b5 7. Bb3 Bb7 8. O-O c5 9. Qe2 Nbd7 10. Rd1 Qb6 11. d5 c4 12. dxe6 {D29: Queen's Gambit Accepted: Classical main line: 7 Qe2 with early ...Nbd7} fxe6 13. Bc2 Bc5 14. b3 {White is slightly better.} Rc8 15. Bb2 O-O $146 ({Predecessor:} 15... Bb4 16. Rac1 O-O 17. bxc4 Rxc4 18. Bb3 Rg4 19. Ne1 Nc5 {1-0 (34) Mirzoev,A (2488)-El Arousy,A (2370) Cairo 2001}) 16. bxc4 Bb4 17. Ng5 (17. Ne4 $16) 17... Bxc3 (17... h6 $1 $11 {remains equal.} 18. Nh7 Rxc4 19. Nxf8 Kxf8) 18. Bxc3 $16 Rxc4 {White must now prevent ...Qc6.} 19. Bxf6 {Played: Bc2xh7} 1-0

[Event "2nd Gujarat Open 2019"]
[Site "Ahmedabad, Gujarat"]
[Date "2019.09.25"]
[Round "5.14"]
[White "Thanki, Hemal Karsanji"]
[Black "Manik, Mikulas"]
[Result "1/2-1/2"]
[WhiteElo "2098"]
[BlackElo "2375"]
[Annotator "TA"]
[PlyCount "44"]
[EventDate "2019.09.22"]
[EventCountry "IND"]
[SourceTitle "playchess.com"]
[Source "ChessBase"]
[SourceQuality "1"]

{[%evp 9,44,18,37,36,34,22,24,0,0,0,23,9,30,-10,-15,-11,0,0,0,0,13,0,0,0,5,-34,3,-72,-3,-20,-8,-92,0,-8,0,-88,0]} 1. e4 c5 2. Nc3 a6 3. g3 b5 4. Bg2 Bb7 5. Nge2 b4 6. Na4 {B23: Closed Sicilian: Lines without g3} e5 7. a3 $146 {aiming for axb4.} ({Predecessor:} 7. b3 Nf6 8. d3 Be7 9. O-O O-O 10. f4 Nc6 11. Bb2 d6 12. h3 a5 13. g4 exf4 14. Nxf4 Nd7 15. Nd5 Bg5 16. c3 {½-½ (16) Mamedov,R (2638)-Ghaem Maghami,E (2604) Khanty-Mansiysk 2009}) 7... a5 $1 8. b3 {White has an edge.} Nf6 9. d3 d5 {[%cal Rd5e4]} 10. Bg5 dxe4 11. Bxf6 Qxf6 12. Bxe4 Nc6 13. O-O Be7 14. axb4 cxb4 15. Nb6 Rd8 16. Nc4 O-O 17. f4 exf4 18. Rxf4 (18. Kh1 $11 {keeps the balance.}) 18... Qh6 (18... Qe6 $17 19. Rf1 f5) 19. Qf1 $1 $11 Bc8 20. Bf5 (20. h4 $11) 20... Bb7 (20... Bg5 $17 21. Rf2 Ba6) 21. Be4 Bc8 (21... f5 $11 22. Rxf5 Bc8 23. Rxf8+ Rxf8) 22. Bf5 $17 Bb7 {Accuracy: White = 48%, Black = 32%.} ({Black should try} 22... Bg5 $17 23. Rg4 Be6) 1/2-1/2